2026/27 Championship Teams - Statistics

General Stats
  • This quiz has been taken 25 times
  • The average score is 12 of 19
Answer Stats
Club % Correct
Burnley
82%
Birmingham City
77%
Blackburn Rovers
73%
Wolverhampton Wanderers
73%
Queens Park Rangers
68%
Swansea City
68%
Wrexham
68%
Bristol City
64%
Cardiff City
64%
Derby County
64%
Portsmouth
64%
Stoke City
64%
Charlton Athletic
59%
Lincoln City
59%
Norwich City
59%
Sheffield United
59%
West Bromwich Albion
59%
Watford
55%
Preston North End
50%
No matching quizzes found
Score Distribution
Percent of People with Each Score
Percentile by Number Answered
Your Score History
You have not taken this quiz